MAASAI MARA UNIVERSITY

LIBRARY CATALOGUE

Contact Us: +254 020 2685356/7 or 0774 057787

Box: 861-20500, NAROK, KENYA

Email: info@mmarau.ac.ke

_Preachers of a different Gospel A pilgrim's reflections on contemporary trends in christianity Femi Bitrus Adele (Record no. 13119)

MARC details
000 -LEADER
fixed length control field 00455nam a2200133Ia 4500
008 - FIXED-LENGTH DATA ELEMENTS--GENERAL INFORMATION
fixed length control field 151021s9999 xx 000 0 und d
020 ## - INTERNATIONAL STANDARD BOOK NUMBER
International Standard Book Number 9966003150
050 ## - LIBRARY OF CONGRESS CALL NUMBER
Classification number BR 121.3 .A34 2011
245 ## - TITLE STATEMENT
Title _Preachers of a different Gospel A pilgrim's reflections on contemporary trends in christianity Femi Bitrus Adele
260 ## - PUBLICATION, DISTRIBUTION, ETC. (IMPRINT)
Place of publication, distribution, etc. Nairobi Hippobooks 2011
300 ## - PHYSICAL DESCRIPTION
Extent viii,148p.
650 ## - SUBJECT ADDED ENTRY--TOPICAL TERM
Topical term or geographic name as entry element _trends in christianity
980 ## - EQUIVALENCE OR CROSS-REFERENCE-SERIES STATEMENT--PERSONAL NAME/TITLE [LOCAL, CANADA]
Personal name ^d20130524 05:38:02^okorir

No items available.

© 2016 Maasai Mara University.